01279nas a2200253 a 450000100060000000300080000600500170001400800390003103500190007004000330008904100080012208200240013011000660015424501910022026000560041130000290046765000330049674000350052994200120056499900170057695201440059395201440073795201440088133149BD-RjUL20211209051945.0140430s1965 pk au g 0 0 0eng a(BD-RjUL)33240 aDLCcCarPdDLCdBD-RjULbeng aeng a301.09549bPAK 19652 aPakistan Sociological Association. [from old catalog]917439000aPakistan sociological studies :bpapers from the first annual Conference of the Pakistan Sociological Association, Karachi, April 27-29, 1964 /cArticles by Md. Afsar Uddin ... [et al.]. aLahore :bPakistan Sociological Association,c1965. a115 p; :c24 cm.bill. ; 0aSociologyxSocieties91006940 aPakistan sociological studies. 2ddccBK c33149d33149 00102ddc40708NFICaRUCLbRUCLcStackd1970-05-23eRoyal Book Co.g5.00l0o301.09549 PAK 1965r2014-04-30 00:00:00tC-2w2014-04-30yBK 00102ddc40708NFICaRUCLbRUCLcStackd1970-05-23eRoyal Book Co.g5.00l0o301.09549 PAK 1965r2014-04-30 00:00:00tC-3w2014-04-30yBK 00102ddc40718NFICaRUCLbRUCLcSeriald1970-05-23eRoyal book cog5.00l0o301.09549 PAK 1965r2016-12-17 00:00:00tC-1w2016-12-17yBK